| 000 -LEADER |
| fixed length control field |
01530cam a2200445Ii 4500 |
| 001 - CONTROL NUMBER |
| control field |
911798435 |
| 003 - CONTROL NUMBER IDENTIFIER |
| control field |
OCoLC |
| 005 - DATE AND TIME OF LATEST TRANSACTION |
| control field |
20190805094404.0 |
| 008 - FIXED-LENGTH DATA ELEMENTS--GENERAL INFORMATION |
| fixed length control field |
150625t20162016nyu 000 0 eng d |
| 020 ## - INTERNATIONAL STANDARD BOOK NUMBER |
| International Standard Book Number |
9781259584190 |
| Qualifying information |
(paperback) |
| 020 ## - INTERNATIONAL STANDARD BOOK NUMBER |
| International Standard Book Number |
1259584194 |
| Qualifying information |
(paperback) |
| 035 ## - SYSTEM CONTROL NUMBER |
| System control number |
(OCoLC)911798435 |
| 040 ## - CATALOGING SOURCE |
| Original cataloging agency |
YDXCP |
| Language of cataloging |
eng |
| Description conventions |
rda |
| Transcribing agency |
YDXCP |
| Modifying agency |
BTCTA |
| -- |
BDX |
| -- |
OCLCQ |
| -- |
ZQP |
| -- |
OCLCO |
| -- |
WIM |
| -- |
OCLCO |
| -- |
OCLCF |
| -- |
OCLCO |
| -- |
NYP |
| 041 0# - LANGUAGE CODE |
| Language code of text/sound track or separate title |
eng |
| -- |
spa |
| 049 ## - LOCAL HOLDINGS (OCLC) |
| Holding library |
NYPP |
| 082 04 - DEWEY DECIMAL CLASSIFICATION NUMBER |
| Classification number |
468.2 NIS |
| Edition number |
23 |
| 091 ## - MICROFILM SHELF LOCATION (AM) [OBSOLETE] |
| Microfilm shelf location |
468.2421 |
| 100 1# - MAIN ENTRY--PERSONAL NAME |
| Personal name |
Nissenberg, Gilda. |
| Relator term |
author |
| 245 10 - TITLE STATEMENT |
| Title |
Complete Spanish grammar / |
| Statement of responsibility, etc. |
Gilda Nissenberg. |
| 250 ## - EDITION STATEMENT |
| Edition statement |
Premium third edition. |
| 264 #1 - PRODUCTION, PUBLICATION, DISTRIBUTION, MANUFACTURE, AND COPYRIGHT NOTICE |
| Place of production, publication, distribution, manufacture |
New York : |
| Name of producer, publisher, distributor, manufacturer |
McGraw-Hill, |
| Date of production, publication, distribution, manufacture, or copyright notice |
[2016]. |
| 264 #4 - PRODUCTION, PUBLICATION, DISTRIBUTION, MANUFACTURE, AND COPYRIGHT NOTICE |
| Date of production, publication, distribution, manufacture, or copyright notice |
℗♭2016. |
| 300 ## - PHYSICAL DESCRIPTION |
| Extent |
xiii, 400 pages ; |
| Dimensions |
28 cm. |
| 336 ## - CONTENT TYPE |
| Content type term |
text |
| Content type code |
txt |
| Source |
rdacontent. |
| 337 ## - MEDIA TYPE |
| Media type term |
unmediated |
| Media type code |
n |
| Source |
rdamedia. |
| 338 ## - CARRIER TYPE |
| Carrier type term |
volume |
| Carrier type code |
nc |
| Source |
rdacarrier. |
| 490 1# - SERIES STATEMENT |
| Series statement |
Practice Makes Perfect. |
| 520 ## - SUMMARY, ETC. |
| Summary, etc. |
Presents a collection of exercises and examples that cover all aspects of Spanish grammar. |
| 650 #0 - SUBJECT ADDED ENTRY--TOPICAL TERM |
| Topical term or geographic name entry element |
Spanish language |
| General subdivision |
Grammar. |
| 650 #0 - SUBJECT ADDED ENTRY--TOPICAL TERM |
| Topical term or geographic name entry element |
Spanish language |
| Form subdivision |
Textbooks for foreign speakers |
| General subdivision |
English. |
| 650 #7 - SUBJECT ADDED ENTRY--TOPICAL TERM |
| Topical term or geographic name entry element |
Spanish language. |
| Source of heading or term |
fast |
| Authority record control number or standard number |
(OCoLC)fst01128292. |
| 650 #7 - SUBJECT ADDED ENTRY--TOPICAL TERM |
| Topical term or geographic name entry element |
Spanish language |
| General subdivision |
Grammar. |
| Source of heading or term |
fast |
| Authority record control number or standard number |
(OCoLC)fst01128390. |
| 655 #7 - INDEX TERM--GENRE/FORM |
| Genre/form data or focus term |
Textbooks |
| Form subdivision |
for English speakers. |
| Source of term |
fast |
| Authority record control number or standard number |
(OCoLC)fst01423865. |
| 830 #0 - SERIES ADDED ENTRY--UNIFORM TITLE |
| Uniform title |
Practice makes perfect (McGraw-Hill Companies) |
| 901 ## - LOCAL DATA ELEMENT A, LDA (RLIN) |
| a |
MARS |
| 901 ## - LOCAL DATA ELEMENT A, LDA (RLIN) |
| a |
LIS |
| b |
CATBL |
| 942 ## - ADDED ENTRY ELEMENTS (KOHA) |
| Source of classification or shelving scheme |
|
| Koha item type |
Books - Non Ficton |
| 945 ## - LOCAL PROCESSING INFORMATION (OCLC) |
| a |
.b208527357 |
| 946 ## - LOCAL PROCESSING INFORMATION (OCLC) |
| a |
m |